Masterpieces of urdu poetry / (Record no. 37956)

MARC details
000 -LEADER
fixed length control field 00646nam a22001937a 4500
005 - DATE AND TIME OF LATEST TRANSACTION
control field 2010072205365.0
010 ## - LCCN (DPL NO)
LC control number ENG-97087
020 ## - INTERNATIONAL STANDARD BOOK NUMBER
Terms of availability 395.00
International Standard Book Number 9788176504300
035 ## - SYSTEM CONTROL NUMBER
System control number EN-80620
037 ## - SOURCE OF ACQUISITION
Source of stock number/acquisition DBAD/PUB
082 ## - DEWEY DECIMAL CLASSIFICATION NUMBER
Classification number 841
245 ## - TITLE STATEMENT
Title Masterpieces of urdu poetry /
Statement of responsibility, etc Compiled by Amar Dehlvi
260 ## - PUBLICATION, DISTRIBUTION, ETC. (IMPRINT)
Place of publication, distribution, etc New Delhi
Name of publisher, distributor, etc Star Publications
Date of publication, distribution, etc 2009
270 ## - ADDRESS
City New Delhi
Address 4/5 B, Asaf Ali Road
Postal code 110002
300 ## - PHYSICAL DESCRIPTION
Extent 171 p.
Dimensions 23 cm (Hb)
Other physical details ill
700 ## - ADDED ENTRY--PERSONAL NAME
Personal name Dehlvi, Amar
9 (RLIN) 2581
942 ## - ADDED ENTRY ELEMENTS (KOHA)
Source of classification or shelving scheme Dewey Decimal Classification
Item type English Books
Call number suffix MAS
Classification part 841
Holdings
Withdrawn status Lost status Not for loan Collection code Home library Current library Date acquired Source of acquisition Cost, normal purchase price Full call number Barcode Copy number Cost, replacement price Koha item type
    Not For Loan Fiction D.B.Act.Division D.B.Act.Division 27/07/2010 DBAD/PUB 395.00 841 MAS EN-80620 1 395.00 English Books

© Delhi Public Library
Hit Counter
free hit counter